[Event "11. KUP SS OBZ 2018"]
[Site "Našice"]
[Date "2018.02.16"]
[Round "1.1"]
[White "Runic, Zoran"]
[Black "Dusper, Hrvoje"]
[Result "1-0"]
[WhiteElo "2378"]
[BlackElo "2216"]
[PlyCount "113"]
[EventDate "2018.02.16"]
[WhiteTeam "ŠK OSIJEK 2017, Osijek"]
[BlackTeam "ŠK ĐURĐENOVAC, Đurđenovac"]

1. e4 c5 2. Nf3 Nf6 3. e5 Nd5 4. b3 g6 5. c4 Nc7 6. d4 cxd4 7. Qxd4 Nc6 8. Qd2
Bg7 9. Bb2 O-O 10. Be2 Ne6 11. O-O Qc7 12. Qe3 d6 13. exd6 Qxd6 14. Bxg7 Nxg7
15. Nc3 Nf5 16. Qe4 Nfd4 17. Rfd1 Nxe2+ 18. Qxe2 Qe6 19. Qd2 Qf6 20. Nd5 Qg7
21. Nd4 Qxd4 22. Qxd4 Nxd4 23. Nxe7+ Kg7 24. Rxd4 Be6 25. Rad1 a5 26. Nd5 Bxd5
27. Rxd5 a4 28. h4 Rfe8 29. R1d2 axb3 30. axb3 Ra1+ 31. Kh2 Rb1 32. Rb5 Re7 33.
g3 h5 34. Kg2 Rc1 35. Rd4 Rc3 36. g4 hxg4 37. Rxg4 Kh6 38. Rg3 Rc2 39. h5 gxh5
40. Rgg5 f6 41. Rxh5+ Kg6 42. Rh3 Rd2 43. Rb6 Rdd7 44. Rf3 Rf7 45. c5 Rc7 46.
b4 Rc6 47. Rxc6 bxc6 48. Rf4 Rd7 49. Kf3 Rd3+ 50. Ke2 Ra3 51. Rf3 Ra4 52. Rb3
Kf5 53. Kd3 Ra2 54. f3 Ke5 55. Kc4 Re2 56. b5 Rc2+ 57. Kb4 1-0

[Event "11. KUP SS OBZ 2018"]
[Site "Našice"]
[Date "2018.02.16"]
[Round "1.1"]
[White "Vitkovic, Andrija"]
[Black "Sasvari, Zelimir"]
[Result "0-1"]
[WhiteElo "1894"]
[BlackElo "2188"]
[PlyCount "68"]
[EventDate "2018.02.16"]
[WhiteTeam "ŠK ĐURĐENOVAC, Đurđenovac"]
[BlackTeam "ŠK OSIJEK 2017, Osijek"]

1. c4 c5 2. Nc3 Nc6 3. g3 g6 4. Bg2 Bg7 5. e3 d6 6. Nge2 Bg4 7. h3 Bd7 8. O-O
a6 9. d4 Nf6 10. d5 Na5 11. b3 b5 12. cxb5 axb5 13. Rb1 b4 14. Ne4 Nxe4 15.
Bxe4 Bxh3 16. Bg2 Bg4 17. f3 Bd7 18. Bb2 O-O 19. Bxg7 Kxg7 20. Kf2 Bb5 21. Rh1
Bxe2 22. Qxe2 Nb7 23. Qb2+ f6 24. Qd2 Rh8 25. e4 h6 26. Rh3 Qa5 27. Rb2 c4 28.
bxc4 Qc5+ 29. Qe3 Ra3 30. Qxc5 dxc5 31. Rh1 Rha8 32. Ra1 Nd6 33. Bf1 b3 34.
Rxb3 Rxb3 0-1

[Event "11. KUP SS OBZ 2018"]
[Site "Našice"]
[Date "2018.02.16"]
[Round "1.1"]
[White "Tarakcija, Hazim"]
[Black "Fridl, Miroslav"]
[Result "0-1"]
[WhiteElo "2204"]
[BlackElo "1989"]
[PlyCount "72"]
[EventDate "2018.02.16"]
[WhiteTeam "ŠK OSIJEK 2017, Osijek"]
[BlackTeam "ŠK ĐURĐENOVAC, Đurđenovac"]

1. Nf3 f5 2. d3 d6 3. e4 e5 4. Nc3 Nf6 5. g3 Be7 6. Bg2 fxe4 7. dxe4 Bg4 8. h3
Bh5 9. O-O O-O 10. Nd5 Nc6 11. Nxe7+ Qxe7 12. c3 Nxe4 13. Qd5+ Qf7 14. Qxf7+
Rxf7 15. Nxe5 Nxe5 16. Bxe4 Bf3 17. Bxf3 Nxf3+ 18. Kg2 g5 19. Be3 h5 20. Rad1
Kh7 21. c4 b6 22. Rd5 Kg6 23. b4 Raf8 24. c5 dxc5 25. bxc5 Rf5 26. Rd7 R8f7 27.
Rxf7 Rxf7 28. Rd1 g4 29. h4 Ne5 30. Rd8 Rd7 31. Rxd7 Nxd7 32. cxb6 axb6 33. f3
Kf5 34. fxg4+ Kxg4 35. Bf4 c6 36. Kf2 Nf6 0-1

[Event "11. KUP SS OBZ 2018"]
[Site "Našice"]
[Date "2018.02.16"]
[Round "1.1"]
[White "Turicar, Goran"]
[Black "Tomicic, Zvonimir"]
[Result "0-1"]
[WhiteElo "1832"]
[BlackElo "2183"]
[PlyCount "48"]
[EventDate "2018.02.16"]
[WhiteTeam "ŠK ĐURĐENOVAC, Đurđenovac"]
[BlackTeam "ŠK OSIJEK 2017, Osijek"]

1. e4 d6 2. Nf3 g6 3. d4 Bg7 4. Nc3 Nd7 5. Be3 e6 6. Bd3 Ne7 7. O-O h6 8. Ne2
O-O 9. Qd2 Kh7 10. c3 b6 11. h3 Bb7 12. Qc2 Rc8 13. Nd2 c5 14. Qa4 a6 15. Qb3
Qc7 16. Rac1 d5 17. c4 dxe4 18. Nxe4 f5 19. N4g3 cxd4 20. Nxd4 Nc5 21. Qc2 f4
22. Nh5 fxe3 23. Nxg7 exf2+ 24. Kh1 Qg3 0-1

[Event "11. KUP SS OBZ 2018"]
[Site "Našice"]
[Date "2018.02.16"]
[Round "1.2"]
[White "Grguric, Damir"]
[Black "Basrak, Srdjan"]
[Result "1/2-1/2"]
[WhiteElo "1978"]
[BlackElo "2259"]
[PlyCount "80"]
[EventDate "2018.02.16"]
[WhiteTeam "ŠK DRAGOVOLJAC, Osijek"]
[BlackTeam "ŠK BELIŠĆE, Belišće"]

1. d4 f5 2. c4 Nf6 3. Nc3 g6 4. g3 Bg7 5. Bg2 d6 6. d5 c6 7. Nh3 O-O 8. O-O Re8
9. Ng5 h6 10. Ne6 Bxe6 11. dxe6 Qc8 12. e4 Qxe6 13. exf5 Qxf5 14. Qb3 Qd7 15.
Qc2 Qg4 16. f4 Nbd7 17. Ne4 Qf5 18. Qe2 d5 19. Nf2 dxc4 20. g4 Qb5 21. g5 hxg5
22. fxg5 Nh7 23. Qe6+ Kh8 24. Qxd7 c3 25. bxc3 Bxc3 26. Be3 Bxa1 27. Rxa1 Rad8
28. Qg4 Qf5 29. Qh4 e5 30. Be4 Qe6 31. Ng4 Re7 32. Nf6 Qc4 33. Rc1 Qa4 34. Bc5
Rg7 35. Qh6 Qxa2 36. Bxg6 Qd2 37. Nxh7 Qxc1+ 38. Kg2 Rd2+ 39. Bf2 Rxf2+ 40.
Kxf2 Qf4+ 1/2-1/2

[Event "11. KUP SS OBZ 2018"]
[Site "Našice"]
[Date "2018.02.16"]
[Round "1.2"]
[White "Berke, Ana"]
[Black "Mravunac, Branko"]
[Result "1-0"]
[WhiteElo "2122"]
[BlackElo "1978"]
[PlyCount "65"]
[EventDate "2018.02.16"]
[WhiteTeam "ŠK BELIŠĆE, Belišće"]
[BlackTeam "ŠK DRAGOVOLJAC, Osijek"]

1. e4 e5 2. Nf3 Nf6 3. d4 exd4 4. e5 Nd5 5. Qxd4 Nb6 6. Bf4 Nc6 7. Qe4 Be7 8.
Bd3 g5 9. Bd2 g4 10. Qxg4 d6 11. Qg7 Rf8 12. O-O Nxe5 13. Nxe5 dxe5 14. Qxe5
Be6 15. Nc3 Bf6 16. Qe4 c6 17. Rad1 Qe7 18. a4 O-O-O 19. a5 Nd5 20. a6 b6 21.
Nxd5 cxd5 22. Qf3 Bxb2 23. Bf4 Bc3 24. Bxh7 Bb4 25. c4 Qh4 26. cxd5 Bg4 27.
Rc1+ Bc5 28. Qb3 Qxh7 29. Rxc5+ Kd7 30. Rc7+ Ke8 31. Qe3+ Be6 32. dxe6 Rd3 33.
exf7+ 1-0

[Event "11. KUP SS OBZ 2018"]
[Site "Našice"]
[Date "2018.02.16"]
[Round "1.2"]
[White "Oreskovic, Pero"]
[Black "Buric, Danijel"]
[Result "1/2-1/2"]
[WhiteElo "1928"]
[BlackElo "2157"]
[PlyCount "135"]
[EventDate "2018.02.16"]
[WhiteTeam "ŠK DRAGOVOLJAC, Osijek"]
[BlackTeam "ŠK BELIŠĆE, Belišće"]

1. Nf3 f5 2. e4 fxe4 3. Ng5 Nf6 4. d3 e5 5. Nxe4 d5 6. Nxf6+ Qxf6 7. Nc3 c6 8.
Be2 Bd6 9. Bg4 O-O 10. O-O Nd7 11. Ne2 Qh4 12. Ng3 g6 13. Be6+ Kg7 14. Qg4 Qxg4
15. Bxg4 h5 16. Be6 Nc5 17. Bxc8 Raxc8 18. Be3 Rf7 19. d4 Ne6 20. Ne2 Rcf8 21.
c3 Nf4 22. Bxf4 exf4 23. f3 g5 24. Rae1 Re7 25. Nc1 Rfe8 26. Kf2 g4 27. Rxe7+
Rxe7 28. Re1 g3+ 29. hxg3 fxg3+ 30. Kf1 Kf6 31. Nd3 Rh7 32. Re2 h4 33. Kg1 b6
34. Ne5 Bxe5 35. Rxe5 h3 36. gxh3 Rxh3 37. Kg2 Rh2+ 38. Kxg3 Rxb2 39. Re8 Rc2
40. Re3 Rxa2 41. Kf4 a5 42. Re1 Rc2 43. Rb1 b5 44. Rb3 a4 45. Ra3 Re2 46. Ra1
Rb2 47. Rh1 Ke6 48. Rh6+ Kd7 49. Ke3 a3 50. Rh7+ Kd6 51. Ra7 Ra2 52. f4 Ra1 53.
Kd3 a2 54. Kc2 Rf1 55. Rxa2 Rxf4 56. Kb3 Kc7 57. Ra7+ Kb6 58. Rh7 b4 59. Kxb4
c5+ 60. Kb3 cxd4 61. cxd4 Rxd4 62. Kc3 Rg4 63. Kd3 Kc5 64. Rc7+ Kd6 65. Rc8 Rg1
66. Rd8+ Ke6 67. Kd4 Rd1+ 68. Ke3 1/2-1/2

[Event "11. KUP SS OBZ 2018"]
[Site "Našice"]
[Date "2018.02.16"]
[Round "1.2"]
[White "Huis, Dinko"]
[Black "Zorman, Antun"]
[Result "0-1"]
[WhiteElo "2165"]
[BlackElo "1917"]
[PlyCount "88"]
[EventDate "2018.02.16"]
[WhiteTeam "ŠK BELIŠĆE, Belišće"]
[BlackTeam "ŠK DRAGOVOLJAC, Osijek"]

1. d4 d5 2. c4 c6 3. Nc3 Nf6 4. Nf3 e6 5. g3 b6 6. Bg2 Bb7 7. O-O Be7 8. b3 O-O
9. Bb2 Nbd7 10. Qc2 h6 11. Rad1 Qc7 12. cxd5 cxd5 13. Rc1 Rac8 14. Qb1 Qb8 15.
Ne1 Ba6 16. Nd3 Rc7 17. Rfd1 Rfc8 18. e3 b5 19. b4 Nb6 20. Nc5 Bxc5 21. dxc5
Nc4 22. Ba1 Rd8 23. Qc2 Bc8 24. Ne2 e5 25. Qb1 a5 26. Rxc4 bxc4 27. Bxe5 axb4
28. Bxc7 Qxc7 29. Qxb4 Be6 30. Nd4 Rb8 31. Qa3 Nd7 32. c6 Ne5 33. e4 dxe4 34.
Bxe4 Bh3 35. Qc3 Qe7 36. Qe3 Qf6 37. Qf4 Qe7 38. Nf5 Bxf5 39. Qxf5 g6 40. Qf4
Rb2 41. Rb1 c3 42. Qxh6 Nf3+ 43. Bxf3 Rxb1+ 44. Kg2 c2 0-1

[Event "11. KUP SS OBZ 2018"]
[Site "Našice"]
[Date "2018.02.16"]
[Round "1.3"]
[White "Drmic, Tomislav"]
[Black "Roklicer, Heike"]
[Result "1-0"]
[WhiteElo "2259"]
[BlackElo "2059"]
[PlyCount "37"]
[EventDate "2018.02.16"]
[WhiteTeam "ŠK SLAVONAC, Našice"]
[BlackTeam "ŠK DONJI MIHOLJAC, Donji Miholjac"]

1. e4 c6 2. Nc3 d5 3. d3 e6 4. Qe2 Be7 5. f4 dxe4 6. dxe4 e5 7. fxe5 Qa5 8. Nf3
Bg4 9. Bd2 Bxf3 10. Qxf3 Qxe5 11. Bc4 Bf6 12. O-O-O Nd7 13. Bf4 Qe7 14. Bd6 Qd8
15. e5 Bg5+ 16. Kb1 Nh6 17. e6 fxe6 18. Bxe6 Nf6 19. h4 1-0

[Event "11. KUP SS OBZ 2018"]
[Site "Našice"]
[Date "2018.02.16"]
[Round "1.3"]
[White "Toth, Andrej"]
[Black "Grandic, Zvjezdan"]
[Result "0-1"]
[WhiteElo "1896"]
[BlackElo "2210"]
[PlyCount "102"]
[EventDate "2018.02.16"]
[WhiteTeam "ŠK DONJI MIHOLJAC, Donji Miholjac"]
[BlackTeam "ŠK SLAVONAC, Našice"]

1. d4 Nf6 2. c4 e6 3. Nc3 d5 4. Nf3 b6 5. cxd5 exd5 6. e3 Be7 7. Bd3 O-O 8. O-O
Bg4 9. h3 Bh5 10. Re1 Nc6 11. a3 Bd6 12. Bd2 Ne7 13. e4 dxe4 14. Nxe4 Ned5 15.
Nxd6 Qxd6 16. Bf5 Rfe8 17. Qb3 Nf4 18. Ne5 Qxd4 19. Bc3 Qd5 20. Qxd5 N4xd5 21.
Bd2 Ne7 22. Bc2 Rad8 23. Bg5 h6 24. Bh4 Ned5 25. Bb3 g5 26. Bg3 Nf4 27. Bxf4
gxf4 28. Rac1 Re7 29. Rc6 Kg7 30. Nf3 Rxe1+ 31. Nxe1 Rd7 32. Nf3 Bxf3 33. gxf3
Nh7 34. h4 Nf8 35. Kg2 Ng6 36. h5 Ne5 37. Rc3 c5 38. Bc2 Rd2 39. b3 Kf6 40. a4
Kg5 41. Be4 Kxh5 42. Rc1 Kg5 43. Rh1 f5 44. Bb7 Nd3 45. Rf1 h5 46. Ba6 Ne5 47.
a5 Ng6 48. axb6 axb6 49. Bb7 Rd3 50. Rb1 Nh4+ 51. Kf1 Nxf3 0-1

[Event "11. KUP SS OBZ 2018"]
[Site "Našice"]
[Date "2018.02.16"]
[Round "1.3"]
[White "Miletic, Josip"]
[Black "Ronta, Ivan"]
[Result "1-0"]
[WhiteElo "2162"]
[BlackElo "1685"]
[PlyCount "51"]
[EventDate "2018.02.16"]
[WhiteTeam "ŠK SLAVONAC, Našice"]
[BlackTeam "ŠK DONJI MIHOLJAC, Donji Miholjac"]

1. e4 e6 2. d4 d5 3. Nd2 Nf6 4. e5 Nfd7 5. c3 c5 6. f4 Nc6 7. Ndf3 cxd4 8. cxd4
f6 9. Bd3 Nb4 10. Bb1 Be7 11. Ne2 O-O 12. O-O f5 13. Kh1 Nb6 14. Rg1 Kh8 15. g4
g6 16. Qf1 Bd7 17. a3 Nc6 18. Qh3 Rg8 19. Ng5 Bxg5 20. fxg5 Na5 21. Nf4 Rc8 22.
gxf5 Rxc1 23. Rxc1 Qxg5 24. fxg6 Rg7 25. Rg1 Qxf4 26. Rf1 1-0

[Event "11. KUP SS OBZ 2018"]
[Site "Našice"]
[Date "2018.02.16"]
[Round "1.3"]
[White "Petrovic, Igor"]
[Black "Leakovic, Ivica"]
[Result "0-1"]
[WhiteElo "1670"]
[BlackElo "2141"]
[PlyCount "96"]
[EventDate "2018.02.16"]
[WhiteTeam "ŠK DONJI MIHOLJAC, Donji Miholjac"]
[BlackTeam "ŠK SLAVONAC, Našice"]

1. Nf3 Nf6 2. c4 d6 3. d4 c6 4. Nc3 Nbd7 5. e4 e5 6. Bg5 Be7 7. h3 Qa5 8. Qc2
exd4 9. b4 Qxb4 10. Nxd4 Ne5 11. Bd2 Qb6 12. Be3 Qc7 13. f4 Ng6 14. Be2 O-O 15.
O-O Re8 16. Rad1 Bf8 17. g4 Qe7 18. Bd3 Qc7 19. Qg2 Nd7 20. Nf5 Nc5 21. Bc2 Be6
22. Rd4 b6 23. Qg3 f6 24. Nh4 Bf7 25. Nxg6 Bxg6 26. f5 Bf7 27. Bf4 Rad8 28.
Rfd1 Nb7 29. Bb3 Be7 30. h4 h6 31. R1d2 Rd7 32. Rg2 Qd8 33. Nd1 d5 34. Nf2 Bc5
35. Rd1 dxe4 36. Kf1 e3 37. Rxd7 Qxd7 38. Nd1 Qd3+ 39. Re2 Bxc4 40. Bxc4+ Qxc4
41. Nxe3 Bxe3 42. Bxe3 Nc5 43. g5 hxg5 44. hxg5 fxg5 45. Qxg5 Ne4 46. Qg6 Nf6
47. Ke1 Qd3 48. Kf2 Re5 0-1

[Event "11. KUP SS OBZ 2018"]
[Site "Našice"]
[Date "2018.02.16"]
[Round "1.4"]
[White "Mican, Mato"]
[Black "Kovacevic, Srecko"]
[Result "0-1"]
[WhiteElo "1938"]
[BlackElo "2075"]
[PlyCount "104"]
[EventDate "2018.02.16"]
[WhiteTeam "ŠK ĐAKOVO II, Đakovo"]
[BlackTeam "ŠK MLADOST, Osijek"]

1. e4 d5 2. exd5 Nf6 3. d4 Nxd5 4. Nf3 Bg4 5. Be2 e6 6. h3 Bh5 7. O-O Be7 8. c4
Nf6 9. Nc3 O-O 10. Be3 Nbd7 11. a3 a6 12. b4 Re8 13. Qb3 Bf8 14. Rfd1 Qe7 15.
Bg5 h6 16. Bh4 g5 17. Nxg5 hxg5 18. Bxg5 Bg6 19. Bd3 Bg7 20. Ne4 Qf8 21. Qc2
Nxe4 22. Bxe4 Bxe4 23. Qxe4 c6 24. Rd3 f6 25. Bh4 Qf7 26. Rg3 e5 27. Rd1 exd4
28. Qxd4 Rad8 29. Rdd3 Ne5 30. Qxd8 Rxd8 31. Rxd8+ Kh7 32. Re3 Qxc4 33. Bg3
Qc1+ 34. Kh2 Bh6 35. Rxe5 fxe5 36. Rd7+ Kg8 37. Rxb7 Bf4 38. Bxf4 Qxf4+ 39. Kg1
Qc1+ 40. Kh2 c5 41. bxc5 Qxc5 42. Rb4 Qxf2 43. Ra4 Qe2 44. Kg3 Qe1+ 45. Kh2 e4
46. Rxa6 e3 47. Re6 e2 48. a4 Qf2 49. a5 e1=Q 50. Rxe1 Qxe1 51. a6 Qa5 52. a7
Qxa7 0-1

[Event "11. KUP SS OBZ 2018"]
[Site "Našice"]
[Date "2018.02.16"]
[Round "1.4"]
[White "Elez, Ivan"]
[Black "Skocibusic, Ivo"]
[Result "0-1"]
[WhiteElo "1995"]
[BlackElo "1966"]
[PlyCount "40"]
[EventDate "2018.02.16"]
[WhiteTeam "ŠK MLADOST, Osijek"]
[BlackTeam "ŠK ĐAKOVO II, Đakovo"]

1. e4 e6 2. Nc3 d5 3. d3 Nf6 4. e5 Nfd7 5. f4 c5 6. Qg4 Nc6 7. Bd2 Nd4 8. O-O-O
b5 9. Re1 b4 10. Nce2 Nf5 11. Qf3 h5 12. Ng3 Nd4 13. Qf2 Qa5 14. Kb1 Nxc2 15.
Kxc2 Qxa2 16. Bc1 c4 17. Kd1 Ba6 18. Qd2 h4 19. f5 Qa4+ 20. Ke2 hxg3 0-1

[Event "11. KUP SS OBZ 2018"]
[Site "Našice"]
[Date "2018.02.16"]
[Round "1.4"]
[White "Macanga, Branko"]
[Black "Brkic, Valent"]
[Result "1-0"]
[WhiteElo "1844"]
[BlackElo "1941"]
[PlyCount "117"]
[EventDate "2018.02.16"]
[WhiteTeam "ŠK ĐAKOVO II, Đakovo"]
[BlackTeam "ŠK MLADOST, Osijek"]

1. Nf3 Nf6 2. c4 e6 3. g3 d5 4. Bg2 Be7 5. O-O O-O 6. d4 b6 7. Ne5 Bb7 8. Nc3
c5 9. dxc5 bxc5 10. Qa4 Qc7 11. Bf4 Qb6 12. Qb5 Rd8 13. Rfd1 Na6 14. Qxb6 axb6
15. Na4 Nb4 16. b3 Nc2 17. Rac1 Nd4 18. Rd2 Ra6 19. e3 Nf5 20. cxd5 Bxd5 21.
Bf1 c4 22. bxc4 Ne4 23. cxd5 Rxa4 24. Rdc2 exd5 25. Nc6 Rda8 26. g4 Ba3 27. Rb1
Nh4 28. Bb5 Nd2 29. Bxa4 Nxb1 30. Bb3 Nf3+ 31. Kh1 Ne1 32. Re2 Nd3 33. Rc2 Ne1
34. Re2 Nd3 35. Kg2 Re8 36. Bg3 Nc3 37. Rd2 Ne1+ 38. Kf1 Nf3 39. Rc2 Ne4 40.
Bxd5 Nxg3+ 41. hxg3 Nh2+ 42. Kg2 Nxg4 43. Nd4 Bc5 44. Rd2 Rd8 45. Nb3 Kf8 46.
Nxc5 bxc5 47. Rd1 Rc8 48. Rc1 Ke7 49. a4 f6 50. a5 Kd6 51. Bb7 Rb8 52. a6 Kc7
53. Rxc5+ Kb6 54. Rc6+ Ka7 55. Rc7 Kb6 56. Rxg7 Ne5 57. Rxh7 Nd3 58. Rf7 Nc5
59. Rxf6+ 1-0

[Event "11. KUP SS OBZ 2018"]
[Site "Našice"]
[Date "2018.02.16"]
[Round "1.4"]
[White "Kajic, Josip"]
[Black "Papuga, Kiril"]
[Result "1/2-1/2"]
[WhiteElo "1734"]
[BlackElo "1792"]
[PlyCount "118"]
[EventDate "2018.02.16"]
[WhiteTeam "ŠK MLADOST, Osijek"]
[BlackTeam "ŠK ĐAKOVO II, Đakovo"]

1. e4 e5 2. Nf3 d6 3. Bc4 Be7 4. d4 exd4 5. Nxd4 Nf6 6. Nc3 O-O 7. O-O a6 8. a4
Bd7 9. Re1 Nc6 10. Nxc6 Bxc6 11. Nd5 Nxd5 12. Bxd5 Qd7 13. c4 Bf6 14. Ra2 Rab8
15. a5 Bxd5 16. Qxd5 Qe6 17. b4 Rfe8 18. Qd3 b5 19. axb6 Rxb6 20. Bd2 c5 21.
bxc5 dxc5 22. Qd5 Bd4 23. Kf1 Rd6 24. Qxe6 Rdxe6 25. f3 Rb8 26. Be3 Rc8 27.
Bxd4 cxd4 28. Rea1 Rxc4 29. Rxa6 Rxa6 30. Rxa6 f6 31. Rd6 Rc1+ 32. Kf2 Rc2+ 33.
Kg3 Rd2 34. h4 Kf7 35. h5 Ke7 36. Rd5 d3 37. f4 g6 38. hxg6 hxg6 39. Kf3 Ke6
40. g4 Rd1 41. f5+ gxf5 42. gxf5+ Ke7 43. Rd4 Rf1+ 44. Ke3 Rd1 45. Rxd3 Ra1 46.
Rc3 Re1+ 47. Kd4 Rd1+ 48. Kc5 Rd2 49. Rc4 Ra2 50. Kc6 Ra6+ 51. Kd5 Ra7 52. Kc6
Rd7 53. Kb6 Rd2 54. Rc7+ Kd6 55. Rc6+ Ke5 56. Re6+ Kf4 57. Kc5 Rd1 58. Rxf6
Kxe4 59. Rf8 Ke5 1/2-1/2

[Event "11. KUP SS OBZ 2018"]
[Site "Našice"]
[Date "2018.02.16"]
[Round "1.5"]
[White "Hlavac, Iva"]
[Black "Pintaric, Stjepan"]
[Result "0-1"]
[WhiteElo "1923"]
[BlackElo "1981"]
[PlyCount "84"]
[EventDate "2018.02.16"]
[WhiteTeam "ŠK DAMA, Đakovo"]
[BlackTeam "ŠK RADNIK, Velimirovac"]

1. e4 d5 2. exd5 Nf6 3. d4 Nxd5 4. c4 Nb6 5. Nc3 c6 6. h3 g6 7. Nf3 Bg7 8. Be2
O-O 9. O-O N8d7 10. a4 Nf6 11. a5 Nbd7 12. Be3 Re8 13. Qd2 Nf8 14. Rfd1 Bf5 15.
Ne5 Ne4 16. Nxe4 Bxe4 17. f3 Bf5 18. a6 Qc8 19. axb7 Qxb7 20. c5 Red8 21. Qc3
Be6 22. Ba6 Qc7 23. Bf4 Bxe5 24. Bxe5 Qd7 25. Qa5 Bb3 26. Rd3 Bd5 27. Bc7 Ne6
28. Bxd8 Nxd8 29. Qc3 Ne6 30. Qd2 Rb8 31. Rda3 Bb3 32. Be2 Nxd4 33. Qd3 Qd5 34.
Rxa7 Qxc5 35. Kh1 Kg7 36. Qe4 Nf5 37. R7a5 Ng3+ 38. Kh2 Nxe4 39. Rxc5 Nxc5 40.
Rc1 Na4 41. Rxc6 Bd5 42. Rc7 e6 0-1

[Event "11. KUP SS OBZ 2018"]
[Site "Našice"]
[Date "2018.02.16"]
[Round "1.5"]
[White "Njegovanovic Ocelic, Paula"]
[Black "Raguz, Ivanka"]
[Result "1-0"]
[WhiteElo "1722"]
[BlackElo "1795"]
[PlyCount "176"]
[EventDate "2018.02.16"]
[WhiteTeam "ŠK RADNIK, Velimirovac"]
[BlackTeam "ŠK DAMA, Đakovo"]

1. e4 e5 2. Nf3 Nc6 3. Bb5 a6 4. Ba4 Nf6 5. d3 b5 6. Bb3 Be7 7. Nc3 O-O 8. Nd5
a5 9. O-O a4 10. Nxf6+ Bxf6 11. Bd5 Ra6 12. Be3 Ne7 13. a3 Nxd5 14. exd5 Bb7
15. c4 bxc4 16. dxc4 e4 17. Nd2 Qe7 18. Qc2 Rb8 19. Rab1 c6 20. Bf4 Be5 21.
Qxe4 d6 22. Bxe5 dxe5 23. dxc6 Rxc6 24. Qe3 Rg6 25. f3 f5 26. Rfe1 Re8 27. Re2
f4 28. Qd3 Qh4 29. c5 Rh6 30. Nf1 Kh8 31. Qf5 Qe7 32. Rc2 Rg6 33. Kh1 Rg5 34.
Qh3 Bc8 35. Qh4 Bf5 36. Rbc1 Bxc2 37. Rxc2 h6 38. Nd2 Rd8 39. c6 Qc7 40. Qe1
Rg6 41. Qe4 Rgd6 42. Qb4 Rd4 43. Qc3 Rd3 44. Qb4 R8d6 45. h3 Qc8 46. Qb7 Rd8
47. Ne4 Rb3 48. Qe7 Re8 49. Qf7 Rf8 50. Qe7 Qf5 51. c7 Rxf3 52. Qxf8+ Qxf8 53.
c8=Q Rf1+ 54. Kh2 Qxc8 55. Rxc8+ Kh7 56. Rc4 Rb1 57. Rb4 Kg6 58. Nc3 Re1 59.
Rxa4 Kf5 60. Rc4 g5 61. Rc8 h5 62. Rf8+ Kg6 63. g3 Rc1 64. gxf4 Rc2+ 65. Kg1
gxf4 66. Rb8 Kg5 67. Rg8+ Kh4 68. Rg2 Rc1+ 69. Kh2 Re1 70. Re2 Rf1 71. Kg2 Rc1
72. Rxe5 Rc2+ 73. Re2 Rc1 74. a4 Ra1 75. Rd2 Re1 76. a5 Re3 77. a6 Rg3+ 78. Kf1
Kxh3 79. a7 Rg8 80. Nb5 Ra8 81. Rd7 f3 82. Rb7 Rd8 83. Rb8 Rd1+ 84. Kf2 Kg4 85.
Rg8+ Kf4 86. Rf8+ Kg4 87. Rxf3 Rd2+ 88. Ke3 Rd8 1-0

[Event "11. KUP SS OBZ 2018"]
[Site "Našice"]
[Date "2018.02.16"]
[Round "1.5"]
[White "Raguz, Frano"]
[Black "Vidovic, Petra"]
[Result "1-0"]
[WhiteElo "1538"]
[BlackElo "1408"]
[PlyCount "69"]
[EventDate "2018.02.16"]
[WhiteTeam "ŠK DAMA, Đakovo"]
[BlackTeam "ŠK RADNIK, Velimirovac"]

1. e4 e5 2. d4 exd4 3. c3 dxc3 4. Bc4 Qe7 5. Nxc3 h6 6. Nf3 Nf6 7. O-O Qb4 8.
Ne5 Qe7 9. Nxf7 Rh7 10. e5 Ng8 11. Qb3 Nc6 12. Nd5 Qc5 13. Nxc7+ Ke7 14. Nxa8
Na5 15. Qc2 Qxc4 16. Qxh7 Qxf7 17. Nc7 Kd8 18. Nb5 a6 19. Nd6 Bxd6 20. exd6 b6
21. Be3 Nc4 22. Qc2 Nxd6 23. Bxb6+ Ke8 24. Qc7 Qf6 25. Rad1 Nf5 26. Qxc8+ Kf7
27. Rxd7+ Nge7 28. Qc4+ Kg6 29. Bd8 Kh7 30. Re1 Qxb2 31. Bxe7 Nxe7 32. Rdxe7 a5
33. Qd3+ Kg8 34. Qg6 Kf8 35. Qf7# 1-0

[Event "11. KUP SS OBZ 2018"]
[Site "Našice"]
[Date "2018.02.17"]
[Round "2.1"]
[White "Tomaic, Goran"]
[Black "Runic, Zoran"]
[Result "0-1"]
[WhiteElo "2083"]
[BlackElo "2378"]
[PlyCount "76"]
[EventDate "2018.02.16"]
[WhiteTeam "ŠK RADNIK, Velimirovac"]
[BlackTeam "ŠK OSIJEK 2017, Osijek"]

1. e4 e5 2. Nf3 d6 3. d4 Nd7 4. Nc3 Ngf6 5. Bc4 Be7 6. Bxf7+ Kxf7 7. Ng5+ Kg8
8. Ne6 Qe8 9. Nxc7 Qg6 10. Nxa8 Qxg2 11. Ke2 Nxe4 12. Nxe4 Qxe4+ 13. Be3 Nf6
14. Qd3 Bg4+ 15. Kd2 Qc6 16. Rae1 Kf7 17. Kc1 Rxa8 18. Rhg1 Be6 19. Kb1 g6 20.
f4 e4 21. Qe2 b5 22. h4 a5 23. Rg5 Qc4 24. Qxc4 bxc4 25. Bd2 Bf5 26. Rg3 a4 27.
Rg2 h5 28. a3 Nd5 29. Rh2 Rc8 30. Kc1 c3 31. bxc3 e3 32. Bxe3 Nxc3 33. Kb2 d5
34. Bd2 Nb5 35. Bb4 Bxb4 36. axb4 Rc3 37. Rd1 a3+ 38. Kc1 Rc4 0-1

[Event "11. KUP SS OBZ 2018"]
[Site "Našice"]
[Date "2018.02.17"]
[Round "2.1"]
[White "Sasvari, Zelimir"]
[Black "Lijic, Josip"]
[Result "1-0"]
[WhiteElo "2188"]
[BlackElo "2009"]
[PlyCount "61"]
[EventDate "2018.02.16"]
[WhiteTeam "ŠK OSIJEK 2017, Osijek"]
[BlackTeam "ŠK RADNIK, Velimirovac"]

1. c4 Nf6 2. Nc3 c5 3. g3 g6 4. Bg2 Bg7 5. e3 O-O 6. Nge2 Nc6 7. a3 d6 8. d3
Rb8 9. Rb1 Bf5 10. b4 Qd7 11. h3 h5 12. b5 Na5 13. e4 Be6 14. Nf4 Nh7 15. Ncd5
b6 16. Bb2 Be5 17. h4 Bxd5 18. exd5 Qf5 19. Be4 Qf6 20. Bc1 Bxf4 21. Bxf4 e5
22. Bh6 Rfe8 23. g4 hxg4 24. Qxg4 Qe7 25. h5 Nf6 26. Qg2 Nxe4 27. hxg6 f5 28.
dxe4 fxe4 29. Bg5 Qg7 30. Rh6 Nxc4 31. Rb3 1-0

[Event "11. KUP SS OBZ 2018"]
[Site "Našice"]
[Date "2018.02.17"]
[Round "2.1"]
[White "Pintaric, Ivica"]
[Black "Tarakcija, Hazim"]
[Result "1-0"]
[WhiteElo "1949"]
[BlackElo "2204"]
[PlyCount "97"]
[EventDate "2018.02.16"]
[WhiteTeam "ŠK RADNIK, Velimirovac"]
[BlackTeam "ŠK OSIJEK 2017, Osijek"]

1. e4 c5 2. b3 Nf6 3. e5 Nd5 4. g3 g6 5. Bg2 Nc7 6. Bb2 Bg7 7. Qe2 Nc6 8. f4 d6
9. Nf3 Ne6 10. c3 dxe5 11. fxe5 O-O 12. O-O b6 13. Na3 Bb7 14. Rad1 Qd7 15. Nc2
Rad8 16. d3 h6 17. Rfe1 Nc7 18. h4 Ba6 19. c4 Ne6 20. Kh2 Qc7 21. a3 Bb7 22.
Bc3 a5 23. Rd2 Ncd4 24. Bxd4 cxd4 25. b4 h5 26. Rdd1 Bc6 27. Rb1 Ba4 28. Rb2
Bxc2 29. Rxc2 Bh6 30. Qe4 Be3 31. Nd2 Kg7 32. Nf1 Bh6 33. Rb2 Rb8 34. Qe2 Kg8
35. Bd5 Ng7 36. e6 fxe6 37. Bxe6+ Kh7 38. Qe4 Nxe6 39. Qxe6 Rbe8 40. Rbe2 Bg7
41. Kg2 Rf6 42. Qe4 Qd6 43. Nh2 axb4 44. axb4 Qxb4 45. Nf3 Qd6 46. Ng5+ Kh8 47.
Qb7 Bf8 48. Re6 Qb8 49. Qe4 1-0

[Event "11. KUP SS OBZ 2018"]
[Site "Našice"]
[Date "2018.02.17"]
[Round "2.1"]
[White "Tomicic, Zvonimir"]
[Black "Njegovanovic Ocelic, Paula"]
[Result "1-0"]
[WhiteElo "2183"]
[BlackElo "1722"]
[PlyCount "99"]
[EventDate "2018.02.16"]
[WhiteTeam "ŠK OSIJEK 2017, Osijek"]
[BlackTeam "ŠK RADNIK, Velimirovac"]

1. g3 e5 2. Bg2 d5 3. d3 Nf6 4. Nd2 Bc5 5. e3 O-O 6. Ne2 Nc6 7. O-O Bf5 8. h3
Re8 9. a3 e4 10. d4 Be7 11. c4 dxc4 12. Nxc4 Qd7 13. Kh2 Rad8 14. b4 Qd5 15.
Qc2 Bd6 16. Bb2 a5 17. Nxd6 Rxd6 18. Nf4 Qb5 19. Rfc1 axb4 20. axb4 Nd5 21. Bf1
Qb6 22. Nxd5 Rxd5 23. b5 Na7 24. Qxc7 Qxc7 25. Rxc7 Nxb5 26. Rxb7 Nd6 27. Rba7
h6 28. Ra8 Rxa8 29. Rxa8+ Kh7 30. Ba3 Be6 31. Ra6 Nb5 32. Bc4 Rg5 33. Bxe6 fxe6
34. g4 Nxa3 35. Rxa3 Rd5 36. Rc3 Kg6 37. Kg3 h5 38. Kf4 hxg4 39. hxg4 Kf6 40.
Kxe4 Rb5 41. f4 Rb6 42. Rc5 g6 43. g5+ Kf7 44. Rc7+ Kg8 45. Ke5 Rb3 46. e4 Rb4
47. Rd7 Rb6 48. Kf6 e5+ 49. Kxe5 Kf8 50. d5 1-0